Azincourt / (Record no. 129879)
[ view plain ]
| 000 -LEADER | |
|---|---|
| fixed length control field | 01189cam a2200337 a 4500 |
| 001 - CONTROL NUMBER | |
| control field | 15561597 |
| 003 - CONTROL NUMBER IDENTIFIER | |
| control field | ARRUPE |
| 005 - DATE AND TIME OF LATEST TRANSACTION | |
| control field | 20190924104208.0 |
| 008 - FIXED-LENGTH DATA ELEMENTS--GENERAL INFORMATION | |
| fixed length control field | 081218s2008 enkb 000 f eng c |
| 010 ## - LIBRARY OF CONGRESS CONTROL NUMBER | |
| LC control number | 2008278451 |
| 015 ## - NATIONAL BIBLIOGRAPHY NUMBER | |
| National bibliography number | GBA882397 |
| Source | bnb |
| 016 7# - NATIONAL BIBLIOGRAPHIC AGENCY CONTROL NUMBER | |
| Record control number | 014656087 |
| Source | Uk |
| 020 ## - INTERNATIONAL STANDARD BOOK NUMBER | |
| International Standard Book Number | 9780007271214 (hbk.) |
| 020 ## - INTERNATIONAL STANDARD BOOK NUMBER | |
| International Standard Book Number | 0007271212 (hbk.) |
| 035 ## - SYSTEM CONTROL NUMBER | |
| System control number | (OCoLC)ocn233262808 |
| 040 ## - CATALOGING SOURCE | |
| Original cataloging agency | UKM |
| Transcribing agency | UKM |
| Modifying agency | BTCTA |
| -- | VP@ |
| -- | GZM |
| -- | AU@ |
| -- | DLC |
| 042 ## - AUTHENTICATION CODE | |
| Authentication code | pcc |
| 043 ## - GEOGRAPHIC AREA CODE | |
| Geographic area code | e-fr--- |
| 050 00 - LIBRARY OF CONGRESS CALL NUMBER | |
| Classification number | PR6053.O75 |
| Item number | A97 2008 |
| 082 00 - DEWEY DECIMAL CLASSIFICATION NUMBER | |
| Classification number | 823/.914 |
| Edition number | 22 |
| 300 ## - PHYSICAL DESCRIPTION | |
| Other physical details | maps ; |
| Dimensions | 24 cm. |
| 100 1# - MAIN ENTRY--PERSONAL NAME | |
| Personal name | Cornwell, Bernard. |
| 9 (RLIN) | 48239 |
| 245 10 - TITLE STATEMENT | |
| Title | Azincourt / |
| Statement of responsibility, etc | Bernard Cornwell. |
| 260 ## - PUBLICATION, DISTRIBUTION, ETC. (IMPRINT) | |
| Place of publication, distribution, etc | London : |
| Name of publisher, distributor, etc | HarperCollinsPublishers, |
| Date of publication, distribution, etc | 2008. |
| 300 ## - PHYSICAL DESCRIPTION | |
| Extent | 453 p. : |
| 650 #0 - SUBJECT ADDED ENTRY--TOPICAL TERM | |
| Topical term or geographic name as entry element | Archers |
| Form subdivision | Fiction. |
| 9 (RLIN) | 48240 |
| 650 #0 - SUBJECT ADDED ENTRY--TOPICAL TERM | |
| Topical term or geographic name as entry element | Agincourt, Battle of, Agincourt, France, 1415 |
| Form subdivision | Fiction. |
| 9 (RLIN) | 48241 |
| 655 #7 - INDEX TERM--GENRE/FORM | |
| Genre/form data or focus term | Historical fiction. |
| Source of term | gsafd |
| 9 (RLIN) | 48242 |
| 906 ## - LOCAL DATA ELEMENT F, LDF (RLIN) | |
| a | 7 |
| b | cbc |
| c | pccadap |
| d | 2 |
| e | ncip |
| f | 20 |
| g | y-gencatlg |
| 942 ## - ADDED ENTRY ELEMENTS (KOHA) | |
| Source of classification or shelving scheme | Library of Congress Classification |
| Koha item type | Monograph ( Printed materials) |
| Withdrawn status | Lost status | Source of classification or shelving scheme | Damaged status | Not for loan | Collection code | Home library | Current library | Shelving location | Date acquired | Total Checkouts | Full call number | Barcode | Date last seen | Price effective from | Koha item type |
|---|---|---|---|---|---|---|---|---|---|---|---|---|---|---|---|
| Library of Congress Classification | Main Collection | ARRUPE LIBRARY | ARRUPE LIBRARY | Main Collection | 24/09/2019 | PR6053.O75 A97 2008 | 46600000865 | 24/09/2019 | 24/09/2019 | Monograph ( Printed materials) |